000 00299nam a2200121 4500
999 _c10622
_d10622
003 OSt
005 20220429161804.0
008 220429b ||||| |||| 00| 0 eng d
082 _a729.29
100 _aDoelle, Leslie L.; Wu, Weizhong; Ye, Hengjian
245 _a Environmental acoustics
942 _2ddc